000 00744nam a2200289Ia 4500
005 20260324121928.0
008 008 260324s9999 xx 000 0 eng d
020 _a9781315857503
037 _aEBOOK
040 _aCRL
040 _beng
040 _cCRL
041 _2eng
041 _aeng
084 _qCRL
100 _aTim McDougall; Andy Cotgrove
_91164434
245 0 _aSpecialist Mental Healthcare for Children and Adolescents
245 0 _bHospital, Intensive Community and Home Based Services
260 _bTaylor and Francis
260 _c2013
365 _a
365 _b230
856 _uhttp://www.taylorfrancis.com/books/9781315857503
942 _cEBOOK
999 _c1756829
_d1756829